[Event "ch-Commonwealth"]
[Site "Nagpur IND"]
[Date "2008.09.29"]
[Round "2"]
[White "Ravi,L"]
[Black "Das,Sa"]
[Result "1-0"]
[WhiteElo "2371"]
[BlackElo "2135"]

1.c4 e6 2.Nf3 d5 3.e3 Nf6 4.b3 c6 5.Bb2 Nbd7 6.d4 Bd6 7.Nbd2 O-O 8.Bd3 Re8
9.Ne5 dxc4 10.Nexc4 Be7 11.f4 c5 12.Qf3 cxd4 13.exd4 Nb6 14.O-O Nbd5 15.Rad1 Bf8
16.Ne5 a6 17.Ne4 Nxe4 18.Bxe4 f5 19.Bb1 b5 20.Rd3 Qh4 21.Bc1 Bb7 22.Qe2 Qe7
23.Rh3 Rac8 24.Bd2 Nf6 25.Rd1 Qd6 26.Be1 Qd5 27.b4 Rc7 28.a3 Ba8 29.Re3 Qb7
30.Nd3 Ng4 31.Rxe6 Rce7 32.Rxe7 Rxe7 33.Ne5 h6 34.d5 Re8 35.Bxf5 Nf6 36.Be6+ Kh8
37.Ng6+ Kh7 38.Qc2  1-0

[Event "58th TCh m 1st Div"]
[Site "Borovets BUL"]
[Date "2008.10.02"]
[Round "2"]
[White "Stojanov,Sv"]
[Black "Filev,G"]
[Result "1/2-1/2"]
[WhiteElo "2312"]
[BlackElo "2375"]

1.c4 e6 2.Nf3 d5 3.d4 c5 4.cxd5 exd5 5.Nc3 Nc6 6.e3 Nf6 7.Be2 Bd6 8.O-O O-O
9.Nb5 Be7 10.dxc5 Bxc5 11.a3 a6 12.Nbd4 Re8 13.b4 Bd6 14.Bb2 Bd7 15.Rc1 Rc8
16.Nxc6 Bxc6 17.Nd4 Bd7 18.Rxc8 Bxc8 19.Bf3 Be5 20.Qc2 Qd6 21.g3 Bd7 22.Rc1 h5
23.Ne2 Rc8 24.Qd2 Rxc1+ 25.Qxc1 Bg4 26.Bxe5 Qxe5 27.Nd4 Bxf3 28.Nxf3 Qf5
29.Nd4 Qd7 30.f3 g6 31.Qc2 Ne8 32.Qc5 Nc7 33.Qb6 Ne6 34.Nxe6 fxe6 35.Qd4 Qc6
36.Qf6 Qc1+ 37.Kg2 Qd2+ 38.Kh3 Qxe3 39.Qxg6+ Kf8 40.Qxh5 d4 41.Qc5+ Kf7 42.Kg4 b5
43.h4 Qc3 44.Qh5+ Ke7 45.Qg5+ Kf7 46.Qh5+ Ke7 47.Qh7+ Kd6 48.Qg7 Qc4 49.Qf8+ Kd7
50.Qf7+ Kd6 51.Qf4+ e5 52.Qf8+ Kd7 53.Qg7+ Kd6 54.Qf8+ Kd7 55.Qg7+ Kd6 56.Qf8+  1/2-1/2

[Event "ch-Commonwealth"]
[Site "Nagpur IND"]
[Date "2008.10.02"]
[Round "6"]
[White "Ranasinghe,S"]
[Black "Mahapatra,S"]
[Result "0-1"]
[WhiteElo "1796"]
[BlackElo "1995"]

1.c4 e6 2.Nf3 d5 3.d4 Nf6 4.Bg5 Be7 5.e3 O-O 6.Nc3 h6 7.Bh4 Nbd7 8.Bd3 dxc4
9.Bxc4 Nd5 10.Nxd5 Bxh4 11.Nxh4 exd5 12.Bxd5 Qxh4 13.Rc1 Nb6 14.Bf3 c6 15.Rc5 Be6
16.Rh5 Qe7 17.b3 Qb4+ 18.Ke2 Nd5 19.Bxd5 Bxd5 20.Kf1 Qd6 21.Rh3 c5 22.Rg3 f5
23.Qa1 Qf6 24.f4 cxd4 25.exd4 Rfe8 26.Kf2 Re4 27.Rd1 Rxf4+  0-1

[Event "TCh-BEL 2008-9"]
[Site "Belgium BEL"]
[Date "2008.10.05"]
[Round "1"]
[White "Chuchelov,V"]
[Black "Eliet,N"]
[Result "1-0"]
[WhiteElo "2575"]
[BlackElo "2435"]

1.c4 e6 2.Nf3 d5 3.g3 Nf6 4.Bg2 dxc4 5.Qa4+ Nbd7 6.Qxc4 a6 7.Qc2 c5 8.d3 Be7
9.O-O O-O 10.a4 Nd5 11.a5 N7f6 12.Bd2 Bd7 13.Na3 Rc8 14.Ne5 Be8 15.Rfc1 Qc7
16.d4 Nd7 17.Nd3 Qc6 18.b4 cxb4 19.Qd1 bxa3 20.Rxc6 bxc6 21.e4 N5f6 22.Bb4 Bxb4
23.Nxb4 c5 24.Nxa6 cxd4 25.Qxd4 Ra8 26.Bf1  1-0

[Event "1st WMSG Rapid Pair"]
[Site "Beijing CHN"]
[Date "2008.10.09"]
[Round "1"]
[White "Ghaem Maghami,E"]
[Black "Orr,M"]
[Result "1-0"]
[WhiteElo "2599"]
[BlackElo "2249"]

1.c4 e6 2.Nf3 d5 3.g3 Nf6 4.Bg2 Be7 5.O-O O-O 6.d4 Nbd7 7.Qc2 c6 8.Rd1 b6
9.Nbd2 Bb7 10.e4 Rc8 11.b3 c5 12.exd5 exd5 13.Qf5 Re8 14.Bb2 g6 15.Qh3 Bf8
16.dxc5 Nxc5 17.Nf1 Bg7 18.Ne3 Nfe4 19.Bxg7 Kxg7 20.Rac1 Nxf2 21.Kxf2 Rxe3
22.Kxe3 Qe7+ 23.Kf2 Re8 24.Re1 Nd3+ 25.Kf1 Nxe1 26.Rxe1 Qd8 27.Qh4 Qc8 28.Qd4+ f6
29.Rxe8 Qxe8 30.Ne1  1-0

[Event "1st WMSG Rapid Team KO"]
[Site "Beijing CHN"]
[Date "2008.10.17"]
[Round "2.2"]
[White "Ghaem Maghami,E"]
[Black "Shabalov,A"]
[Result "1-0"]
[WhiteElo "2599"]
[BlackElo "2585"]

1.c4 e6 2.Nf3 d5 3.g3 Nf6 4.d4 Bb4+ 5.Bd2 Be7 6.Bg2 O-O 7.O-O b6 8.cxd5 exd5
9.Nc3 h6 10.Rc1 a6 11.Bf4 Be6 12.Ne5 Ra7 13.Qd2 c5 14.b3 Bd6 15.Rfd1 Rc7
16.Na4 Rc8 17.dxc5 bxc5 18.Nd3 c4 19.bxc4 dxc4 20.Bxd6 Qxd6 21.Ndc5 Qe5 22.Nxe6 Qxe6
23.Nc3 Nbd7 24.Qd6 Nc5 25.Qxe6 fxe6 26.Rd4 Ncd7 27.Bb7 Rc5 28.Bxa6 Nb6 29.Rd6 Nbd5
30.Rxe6 Nc7 31.Rb6 Re8 32.Bb7 Kf8 33.Rc6 Rxc6 34.Bxc6 Re6 35.Bf3 g5 36.h3 h5
37.e3  1-0

[Event "Ugra Cup"]
[Site "Khantiy Mansiysk RUS"]
[Date "2008.10.17"]
[Round "3"]
[White "Artamonov,V"]
[Black "Frolyanov,D"]
[Result "0-1"]
[WhiteElo "2309"]
[BlackElo "2557"]

1.c4 e6 2.Nf3 d5 3.b3 Nf6 4.g3 Be7 5.Bg2 O-O 6.O-O c5 7.e3 Nc6 8.Qe2 b6 9.Rd1 Bb7
10.Bb2 Qc7 11.Nc3 Rad8 12.Rac1 Qb8 13.d4 cxd4 14.exd4 Na5 15.Bf1 dxc4 16.d5 Nxd5
17.Nxd5 Bxd5 18.bxc4 Nxc4 19.Rxd5 exd5 20.Rxc4 dxc4 21.Qxe7 Qd6 22.Qe3 b5
23.Nd4 Rfe8 24.Qc3 Qxd4 25.Qxd4 Rxd4 26.Bxd4 Re1 27.Kg2 a6 28.a4 bxa4 29.Bb2 Rb1
30.Be5 Rc1 31.Bd6 c3 32.Bf4 Rd1  0-1

[Event "TCh-BEL 2008-9"]
[Site "Belgium BEL"]
[Date "2008.10.19"]
[Round "2"]
[White "Cekro,E"]
[Black "Ginsburg,G"]
[Result "1/2-1/2"]
[WhiteElo "2419"]
[BlackElo "2520"]

1.c4 e6 2.Nf3 d5 3.b3 c5 4.g3 Nc6 5.Bg2 Nf6 6.O-O d4 7.e3 e5 8.exd4 exd4
9.d3 Be7 10.Na3 O-O 11.Nc2 Bg4 12.h3 Bh5 13.g4 Bg6 14.Nh4 Nd7 15.Nxg6 fxg6
16.f4 Bd6 17.g5 Qc7 18.Qg4 Rae8 19.Bd2 Ne7 20.Rae1 Nf5 21.Bd5+ Kh8 22.Re4 Nb6
23.Be6 Nc8 24.Rfe1 Nce7 25.R1e2 Rb8 26.Ne1 Nc6 27.Nc2 Nd8 28.Bd5 Ne7 29.Be6 Nxe6
30.Rxe6 Rf7 31.Qf3 Rbf8 32.Qe4 Nf5 33.Qd5 Re7 34.Re1 Rd8 35.Qe4 Qd7 36.Qd5 Rxe6
37.Qxe6 Qxe6 38.Rxe6 Kg8 39.Kf2 Kf7 40.Re1  1/2-1/2

[Event "LiraH Autumn"]
[Site "Lichtenrade GER"]
[Date "2008.10.21"]
[Round "4"]
[White "Meister,Jak"]
[Black "Behrmann,J"]
[Result "1/2-1/2"]
[WhiteElo "2481"]
[BlackElo "2204"]

1.c4 e6 2.Nf3 d5 3.d4 Nf6 4.Bg5 Nbd7 5.Nc3 c6 6.cxd5 exd5 7.e3 Be7 8.Bd3 O-O
9.O-O Re8 10.Qc2 Nf8 11.Ne5 Ng4 12.Bf4 Nxe5 13.Bxe5 Bd6 14.Bg3 Bxg3 15.hxg3 h5
16.Qe2 g6 17.f3 Qg5 18.Kf2 Ne6 19.Qd2 Ng7 20.Rae1 Qf6 21.Rh1 Bf5 22.Bf1 Re7
23.Rc1 Rae8 24.Nd1 Bc8 25.Bd3 Bf5 26.Bf1 Qg5 27.Rc3 Bc8 28.Bd3 Bf5 29.b3 Bxd3
30.Rxd3 Nf5 31.Rh3 Re6 32.a4 b6 33.b4 Qe7 34.Qc3 a6 35.Qb3 Qc7 36.Rc3 Qe7
37.Rd3 Qc7 38.Qc3 Qe7 39.Qd2 Qc7 40.Rb3 Qe7 41.a5 Rb8 42.axb6 Rxb6 43.Qc3 Qb7
44.Rb2 a5 45.g4 axb4 46.Qc1 hxg4 47.fxg4 Nd6 48.Kg1 Ne4 49.Nf2 Nxf2 50.Kxf2 Qe7
51.Rb3 Rb8  1/2-1/2

[Event "24th ECC"]
[Site "Kallithea GRE"]
[Date "2008.10.23"]
[Round "7"]
[White "Petzold,K"]
[Black "Romanelli,R"]
[Result "1-0"]
[WhiteElo "2241"]
[BlackElo "1970"]

1.c4 e6 2.Nf3 d5 3.d4 c5 4.cxd5 exd5 5.g3 Nc6 6.Bg2 Nf6 7.O-O Be7 8.Nc3 O-O
9.dxc5 Bxc5 10.Bg5 d4 11.Bxf6 Qxf6 12.Nd5 Qd8 13.Nf4 Bb6 14.Rc1 Re8 15.Nd2 Bg4
16.Ne4 Rc8 17.h3 Bf5 18.Nc5 Bxc5 19.Rxc5 Be4 20.Bxe4 Rxe4 21.Qd3 Qe8 22.Rfc1 Rd8
23.a3 a6 24.b4 h6 25.h4 Rd6 26.b5 axb5 27.Rxb5 Re7 28.Qf5 Rf6 29.Qg4 Rxf4
30.Qxf4 Rxe2 31.Rd5 Qe6 32.Qf5 Qxf5 33.Rxf5 d3 34.Rd1 Nd4 35.Rd5 d2 36.Kf1 Re1+
37.Rxe1 dxe1=Q+ 38.Kxe1 Nc2+ 39.Kd1 Nxa3 40.Rd8+ Kh7 41.Rd7 b5 42.Rxf7 Kg6
43.Ra7 Nc4 44.Rb7 Na3 45.Ke2 Kf6 46.h5 Nc2 47.Rb6+ Kf7 48.Kd3 Na3 49.Kc3 Nb1+
50.Kd4 Na3 51.Kc5 Nc4 52.Rxb5 Ne5 53.Kd5 Ng4 54.Kd4 Nf6 55.f3 Ke6 56.g4 Nh7
57.Rb6+ Kf7 58.Ra6 Ng5 59.Ke3 Ke7 60.Rg6 Ne6 61.Ke4 Kf7 62.Ke5 Nf8 63.Rd6 Nh7
64.Kf5  1-0

[Event "LiraH Autumn"]
[Site "Lichtenrade GER"]
[Date "2008.10.24"]
[Round "7"]
[White "Reichenbach,W"]
[Black "Davydov,R"]
[Result "1-0"]
[WhiteElo "2285"]
[BlackElo "1865"]

1.c4 e6 2.Nf3 d5 3.d4 Nf6 4.g3 dxc4 5.Qa4+ Bd7 6.Qxc4 Bd6 7.Bg2 Bc6 8.O-O Nbd7
9.Nc3 O-O 10.Qb3 Ne4 11.Rd1 Ndf6 12.Ne5 Nxc3 13.bxc3 Bxg2 14.Kxg2 c6 15.Bg5 Qc7
16.Bxf6 gxf6 17.Nc4 Be7 18.e4 Rfd8 19.Rd2 b5 20.Ne3 a5 21.a4 Rab8 22.Rad1 bxa4
23.Qxa4 Rb5 24.Ra1 Ra8 25.Rda2 Qb7 26.Qc2 Qc7 27.Qe2 Rb3 28.Qc4 Rb7 29.Qa4 Rba7
30.Rb1 Qd7 31.Rab2 Bd8 32.Rb8 Rxb8 33.Rxb8 Rb7 34.Ra8 Kg7 35.Ra6 Rb5 36.d5 exd5
37.exd5 cxd5 38.Rd6 Qb7 39.Nf5+  1-0

[Event "USCL 2008"]
[Site "ICC INT"]
[Date "2008.10.29"]
[Round "10"]
[White "Mikhailuk,S"]
[Black "Ginsburg,M"]
[Result "1-0"]
[WhiteElo "2436"]
[BlackElo "2373"]

1.c4 e6 2.Nf3 d5 3.d4 Nf6 4.g3 dxc4 5.Qa4+ Nbd7 6.Bg2 a6 7.Qxc4 b5 8.Qc2 Bb7
9.Bg5 c5 10.O-O Rc8 11.Qd2 h6 12.Bxf6 Nxf6 13.dxc5 Bxc5 14.Qxd8+ Kxd8 15.Nbd2 Ke7
16.Rac1 Bd5 17.Ne5 Bd4 18.Nd3 a5 19.Bxd5 Nxd5 20.Nb3 Bb6 21.Ne5 a4 22.Nd2 a3
23.bxa3 Nc3 24.Kg2 Rhd8 25.Nb3 Nxe2 26.Rc6 Bc7 27.Nf3 Bd6 28.Rb6 Nc3 29.Nfd4 Kf6
30.Nxb5 Nxb5 31.Rxb5 Bxa3 32.Ra5 Ra8 33.Rxa8 Rxa8 34.Rd1 Bb4 35.Rd4 Bc3 36.Rc4 Be5
37.a4 g5 38.Kf3 Ke7 39.Ke4 Bd6 40.Nd4 f5+ 41.Kd3 g4 42.Kc2 h5 43.Kb3 f4 44.Nb5 fxg3
45.hxg3 Rf8 46.Rc2 h4 47.Nxd6 Kxd6 48.gxh4 Rf3+ 49.Kb4 Rh3 50.Kb5 Rxh4 51.a5 Rh1
52.Rc4 Rf1 53.a6 Rxf2 54.a7 Rf8 55.Rxg4 Kd5 56.Rg7 e5 57.Rd7+ Ke4 58.Kb6 Ra8
59.Kb7 Rxa7+ 60.Kxa7 Kf3 61.Rf7+ Ke3 62.Kb6 Kd4 63.Kb5 e4 64.Kb4 Kd3 65.Rd7+ Kc2
66.Re7 Kd3 67.Kb3 e3 68.Rd7+ Ke2 69.Kc2  1-0

[Event "WYCC Girls U16"]
[Site "Vung Tau City VIE"]
[Date "2008.10.30"]
[Round "11"]
[White "Hoang Thi Nhu Y"]
[Black "Batkovskyte,D"]
[Result "1-0"]
[WhiteElo "2127"]
[BlackElo "1972"]

1.c4 e6 2.Nf3 d5 3.d4 dxc4 4.e3 c5 5.Bxc4 a6 6.a4 Nf6 7.O-O cxd4 8.exd4 Bd6
9.Bg5 O-O 10.Qe2 Nc6 11.Rd1 Qe7 12.Nc3 Nb4 13.Ne5 Qd8 14.Rac1 Be7 15.Bxf6 Bxf6
16.Ne4 Be7 17.Qf3 Nd5 18.Nc3 Bg5 19.Rb1 Nxc3 20.bxc3 Qc7 21.Bd3 f6 22.Nc4 Rb8
23.Nb6 Bd7 24.d5 e5 25.d6 Qd8 26.a5 Bc6 27.Be4 Bxe4 28.Qxe4 Re8 29.c4 g6
30.Qd5+ Kh8 31.d7 Re7 32.Qd6 Kg7 33.Qxb8  1-0

[Event "IX Rapid Open"]
[Site "El Sauzal ESP"]
[Date "2008.11.02"]
[Round "8"]
[White "Brito Garcia,A"]
[Black "Moskalenko,V1"]
[Result "1/2-1/2"]
[WhiteElo "2349"]
[BlackElo "2568"]

1.c4 e6 2.Nf3 d5 3.g3 c6 4.Qc2 f5 5.Bg2 Nf6 6.O-O Bd6 7.d3 O-O 8.Nc3 dxc4
9.dxc4 e5 10.b3 e4 11.Ng5 Qe7 12.Nh3 Nbd7 13.Bf4 Bxf4 14.Nxf4 Nc5 15.h4 Ne6
16.Nxe6 Bxe6 17.e3 Ng4 18.Ne2 Ne5 19.Nf4 Bf7 20.Rfd1 h6 21.h5 Qg5 22.Rd4 Rae8
23.Qd1 Rd8 24.Qe2 Rxd4 25.exd4 Ng4 26.Bh3 Nf6 27.Qe3 Nxh5 28.Nxh5 Bxh5 29.Qxg5 hxg5
30.g4 fxg4 31.Bg2 g3 32.fxg3 e3 33.Rf1 Re8 34.d5 c5 35.Bh3  1/2-1/2

[Event "Open"]
[Site "Kaikoura NZL"]
[Date "2008.11.11"]
[Round "7"]
[White "Johansen,D"]
[Black "Solomon,SJ"]
[Result "1-0"]
[WhiteElo "2446"]
[BlackElo "2470"]

1.c4 e6 2.Nf3 d5 3.d4 c6 4.Nbd2 Nf6 5.e3 c5 6.b3 Nc6 7.Bb2 cxd4 8.exd4 Be7
9.Bd3 O-O 10.O-O b6 11.Rc1 Bb7 12.Qe2 Rc8 13.a3 dxc4 14.bxc4 Re8 15.Rfd1 Bf8
16.Qe3 g6 17.h3 Bg7 18.Nf1 Nd7 19.Be4 Na5 20.Bxb7 Nxb7 21.Qd3 Qc7 22.Ne3 Qf4
23.Rc2 Red8 24.Qe2 Nd6 25.a4 Qe4 26.a5 h6 27.Nd2 Qb7 28.Rb1 Ne4 29.axb6 Nxd2
30.Rxd2 axb6 31.d5 Re8 32.Bxg7 Kxg7 33.Qd3 Nc5 34.Qa3 e5 35.Qb4 Nd7 36.Ra2 h5
37.Rba1 Nc5 38.Rb1 Nd7 39.h4 Qc7 40.Qb5 Qd6 41.Ra7 Rc7 42.Rxc7 Qxc7 43.d6 Qc8
44.Nd5 Re6 45.Ne7 Qd8 46.Rd1 Nc5 47.Qc6 Qd7 48.Qc7 Qa4 49.Rc1 Nd3 50.Rf1 Nf4
51.Nd5 Ne2+ 52.Kh2 Qc2 53.d7  1-0

[Event "38th Olympiad"]
[Site "Dresden GER"]
[Date "2008.11.13"]
[Round "1"]
[White "Flores,Di"]
[Black "Nezad,H"]
[Result "1-0"]
[WhiteElo "2569"]
[BlackElo "2401"]

1.c4 e6 2.Nf3 d5 3.b3 Be7 4.Bb2 Nf6 5.g3 b6 6.Bg2 Bb7 7.O-O O-O 8.e3 Nbd7
9.Nc3 c5 10.Qe2 Ne4 11.cxd5 Nxc3 12.Bxc3 Bxd5 13.Rfd1 Qc7 14.e4 Bb7 15.d4 cxd4
16.Bxd4 Rad8 17.Rac1 Qb8 18.Bb2 Nc5 19.Nd4 Qa8 20.b4 Na4 21.Ba1 Bf6 22.e5 Bxg2
23.exf6 Rd5 24.f3 Bh3 25.Nc6  1-0

[Event "38th Olympiad"]
[Site "Dresden GER"]
[Date "2008.11.16"]
[Round "4"]
[White "Agrest,E"]
[Black "Obodchuk,A"]
[Result "1-0"]
[WhiteElo "2574"]
[BlackElo "2434"]

1.c4 e6 2.Nf3 d5 3.d4 c6 4.Qc2 Nf6 5.Bg5 dxc4 6.Qxc4 b5 7.Qc2 Bb7 8.e3 Nbd7
9.Bd3 h6 10.Bh4 Rc8 11.O-O Be7 12.Qe2 O-O 13.Nbd2 b4 14.a3 bxa3 15.bxa3 c5
16.Rab1 Nb6 17.dxc5 Rxc5 18.Nb3 Rh5 19.Bg3 Ne4 20.Qc2 Nxg3 21.hxg3 Bxa3 22.e4 Bd6
23.Ra1 Bb8 24.Qc3 Qe7 25.Rfd1 Rc8 26.Qd4 Nd7 27.g4 Nc5 28.Qb4 Bd6 29.gxh5 Nxd3
30.Qd4 Nc5 31.Qxd6 Qxd6 32.Rxd6 Nxb3 33.Rxa7 Bxe4 34.Ne5 Rc1+ 35.Kh2 Rc5
36.Rd8+ Kh7 37.f4 f6 38.Re7  1-0

[Event "XXXII Tenkes Cup"]
[Site "Harkany HUN"]
[Date "2008.11.20"]
[Round "7"]
[White "Czebe,A"]
[Black "Gordon,S"]
[Result "0-1"]
[WhiteElo "2468"]
[BlackElo "2521"]

1.c4 e6 2.Nf3 d5 3.b3 Be7 4.Bb2 Bf6 5.d4 c5 6.e3 Nc6 7.Qd2 dxc4 8.Bxc4 Nge7
9.Nc3 cxd4 10.Ne4 Nf5 11.Nxf6+ Qxf6 12.exd4 Qg6 13.O-O O-O 14.Rfe1 Rd8 15.Rad1 b5
16.Bd3 Qh5 17.Qf4 Bb7 18.d5 Rxd5 19.Be4 Nce7 20.Qc7 Rxd1 21.Rxd1 Bd5 22.Bxd5 Nxd5
23.Qb7 Rd8 24.Re1 Nh4 25.Nxh4 Qxh4 26.Qxb5 h6 27.g3 Qg4 28.Qd3 Rc8 29.Re4 Qg6
30.Qf3 h5 31.Bd4 a5 32.a4 Rc1+ 33.Kg2 Rb1 34.Rh4 Qg5 35.Qd3 Qxh4  0-1

[Event "38th Olympiad w"]
[Site "Dresden GER"]
[Date "2008.11.21"]
[Round "8"]
[White "Linares Napoles,O"]
[Black "Coimbra,M"]
[Result "1-0"]
[WhiteElo "2262"]
[BlackElo "2105"]

1.c4 e6 2.Nf3 d5 3.b3 Nf6 4.Bb2 Bd6 5.Qc2 c6 6.g4 h6 7.Rg1 g5 8.h4 Rg8 9.hxg5 hxg5
10.a3 Nbd7 11.Nc3 a5 12.e3 Qe7 13.Be2 Nc5 14.Nd4 Bd7 15.cxd5 exd5 16.b4 axb4
17.axb4 Rxa1+ 18.Bxa1 Nce4 19.b5 Nxc3 20.Bxc3 Ne4 21.Nf5 Bxf5 22.gxf5 Nxc3
23.dxc3 Rh8 24.Qa4 Kd7 25.Qa7 Kc7 26.bxc6 Kxc6 27.Qa4+ Kc7 28.Qa5+ b6 29.Qxd5 f6
30.Bf3 Rb8 31.Qc6+ Kd8 32.Rh1  1-0

[Event "38th Olympiad w"]
[Site "Dresden GER"]
[Date "2008.11.22"]
[Round "9"]
[White "Kazimova,N"]
[Black "Sargac,R"]
[Result "1/2-1/2"]
[WhiteElo "2171"]
[BlackElo "2195"]

1.c4 e6 2.Nf3 d5 3.g3 c6 4.b3 Nf6 5.Bg2 Be7 6.O-O O-O 7.Bb2 Nbd7 8.d3 b5
9.Nbd2 Bb7 10.Rc1 a5 11.a3 Qb6 12.Rc2 c5 13.Re1 a4 14.bxa4 Rxa4 15.Rc1 Rfa8
16.cxb5 Qxb5 17.Rb1 Qa6 18.Qc2 Bc6 19.Bf1 Ra5 20.e4 Ba4 21.Qc1 Bf8 22.exd5 exd5
23.Ne5 Nxe5 24.Rxe5 Qc8 25.Bg2 Bc6 26.Re1 Qf5 27.Nb3 Rb5 28.Nd4 cxd4 29.Qxc6 Rab8
30.Qc2 Rc5 31.Qd1 Rcb5 32.Qc2 Rc5 33.Qd1 Rcb5 34.Qc2 Rc5  1/2-1/2

[Event "Mediterranean Open"]
[Site "Rijeka CRO"]
[Date "2008.11.30"]
[Round "3"]
[White "Sale,S"]
[Black "Drazic,S"]
[Result "0-1"]
[WhiteElo "2380"]
[BlackElo "2528"]

1.c4 e6 2.Nf3 d5 3.d4 a6 4.cxd5 exd5 5.Nc3 Nc6 6.Bg5 Be7 7.Bxe7 Ngxe7 8.e3 Qd6
9.Rc1 O-O 10.Be2 Bg4 11.h3 Bxf3 12.Bxf3 Nd8 13.O-O Ne6 14.Qb3 c6 15.Na4 Ng5
16.Be2 Ne4 17.Rfd1 f5 18.Nc5 Nxc5 19.Rxc5 Kh8 20.Bf3 Qd7 21.Qd3 Nc8 22.Rc2 Nd6
23.g3 g5 24.Kg2 Rf6 25.Rh1 Rh6 26.Rcc1 Rf8 27.Rh2 Qe7 28.Rch1 f4 29.exf4 gxf4
30.g4 Re6 31.h4 Qg7 32.Rd1 Rfe8 33.Kf1 Nc4 34.Qc3 Qg6 35.Rh1 Ne3+ 36.fxe3 Rxe3
37.h5 Qe6 38.Rd3 Rxd3 39.Qxd3 Qe1+  0-1

[Event "1st Asian Clubs"]
[Site "Al Ain UAE"]
[Date "2008.12.28"]
[Round "4"]
[White "Ghaem Maghami,E"]
[Black "Roghani,A"]
[Result "1-0"]
[WhiteElo "2599"]
[BlackElo "2373"]

1.c4 e6 2.Nf3 d5 3.d4 Nf6 4.Nc3 Nbd7 5.e3 b6 6.cxd5 exd5 7.Bb5 Bb7 8.Ne5 c5
9.Qf3 Qe7 10.Nxd7 Nxd7 11.Nxd5 Bxd5 12.Qxd5 Rd8 13.O-O Qe6 14.Qxe6+ fxe6
15.Rd1 Bd6 16.dxc5 Bxc5 17.Bd2 Ke7 18.Bxd7 Rxd7 19.Bc3 Rg8 20.Kf1 g6 21.Ke2 Rgd8
22.g4 Rxd1 23.Rxd1 Rxd1 24.Kxd1 Bd6 25.f4 b5 26.Ke2 a6 27.Kf3 Bc7 28.h3 h5
29.e4 Kf7 30.Bd4 Bd6 31.Ke3 hxg4 32.hxg4 Bc7 33.Bc5 Ke8 34.Bd4 Bd6 35.f5 Kf7
36.e5 Bc7 37.f6 Ke8 38.Kd3 Ba5 39.Kc2 Bb4 40.Kb3 Bf8 41.a4 Kf7 42.axb5 axb5
43.g5  1-0

[Event "Masters"]
[Site "Hastings ENG"]
[Date "2009.01.04"]
[Round "8"]
[White "Bernal Moro,L"]
[Black "Anderson,J"]
[Result "1/2-1/2"]
[WhiteElo "2451"]
[BlackElo "2213"]

1.c4 e6 2.Nf3 d5 3.d4 Nf6 4.g3 Bb4+ 5.Bd2 Be7 6.Qc2 c6 7.Bg2 Nbd7 8.O-O O-O
9.Bg5 b6 10.Nbd2 Bb7 11.Rad1 Rc8 12.Qb1 h6 13.Bxf6 Nxf6 14.e4 dxc4 15.Nxc4 Ba6
16.Nfe5 Qc7 17.Rc1 c5 18.b4 cxd4  1/2-1/2

[Event "6th ch-Mediterranean"]
[Site "Antalya TUR"]
[Date "2009.01.12"]
[Round "3"]
[White "Abdel Razik,K"]
[Black "Mijovic,S"]
[Result "1/2-1/2"]
[WhiteElo "2429"]
[BlackElo "2300"]

1.c4 e6 2.Nf3 d5 3.d4 Nf6 4.Nc3 Be7 5.Qc2 c5 6.cxd5 cxd4 7.Qa4+ Bd7 8.Qxd4 exd5
9.e3 Nc6 10.Qd1 O-O 11.Be2 Bg4 12.O-O Rc8 13.h3 Bh5 14.Nb5 Qb6 15.Nbd4 Rfd8
16.Nxc6 bxc6 17.b3 Ne4 18.Bb2 c5 19.Ne5 Bxe2 20.Qxe2 Bf6 21.Rfc1 Qe6 22.Nd3 d4
23.Nf4 Qf5 24.g4 Qg5 25.Nh5 dxe3 26.Nxf6+ Nxf6 27.Qxe3 Qxe3 28.fxe3 Nd5 29.Ba3  1/2-1/2

[Event "6th ch-Mediterranean"]
[Site "Antalya TUR"]
[Date "2009.01.13"]
[Round "5"]
[White "Durmaz,A"]
[Black "Yanik,E"]
[Result "0-1"]
[WhiteElo "1897"]
[BlackElo "2046"]

1.c4 e6 2.Nf3 d5 3.cxd5 exd5 4.Nc3 c6 5.d3 Nf6 6.g3 Bg4 7.Bg2 Nbd7 8.O-O Bd6
9.Rb1 Qe7 10.Nd4 Bc7 11.Qc2 Bb6 12.Nf3 Bxf3 13.Bxf3 Ne5 14.Bg2 O-O 15.b4 Rfe8
16.Na4 Bd8 17.Nc5 b6 18.Na4 Rc8 19.Ba3 Qe6 20.Rfc1 Neg4 21.Bf3 h5 22.Qb3 h4
23.Rc2 Bc7 24.Bc1 Ne5 25.Bg2 Qf5 26.h3 Ng6 27.g4 Qe5 28.Be3 Qh2+ 29.Kf1 Bf4
30.d4 Bxe3 31.fxe3 Ne4 32.Bxe4 Rxe4 33.Ke1 Qxh3 34.Kd2 Qxg4 35.Nc3 Re7 36.Rbc1 Rce8
37.Nd1 h3 38.Rxc6 Qg2 39.Rd6 h2 40.Nb2 h1=Q 41.Rxh1 Qxh1 42.Rxd5 Rxe3 43.Qxe3 Rxe3
44.Rd8+ Kh7 45.Kxe3 Qc1+  0-1

[Event "1st Open"]
[Site "Gurgon IND"]
[Date "2009.01.22"]
[Round "3"]
[White "Joshi,GB"]
[Black "Murali Krishnan,B"]
[Result "0-1"]
[WhiteElo "2273"]
[BlackElo "2444"]

1.c4 e6 2.Nf3 d5 3.g3 d4 4.Bg2 c5 5.O-O Nc6 6.d3 Nf6 7.e3 Be7 8.a3 a5 9.exd4 cxd4
10.Re1 O-O 11.Nbd2 Nd7 12.b3 e5 13.Rb1 f6 14.Nh4 f5 15.Nhf3 Bd6 16.Kh1 Qf6
17.Nf1 h6 18.Kg1 Ra6 19.Qe2 Rb6 20.N1d2 Nc5 21.h4 e4 22.dxe4 fxe4 23.Nh2 Bf5
24.Rb2 e3 25.fxe3 Nd3 26.e4 Nxc1  0-1

[Event "ch-PriFO"]
[Site "Kazan RUS"]
[Date "2009.01.25"]
[Round "5"]
[White "Zakharov,Ig"]
[Black "Protsenko,E"]
[Result "1/2-1/2"]
[WhiteElo "2194"]
[BlackElo "1909"]

1.Nf3 e6 2.c4 d5 3.b3 Nf6 4.Bb2 c5 5.e3 Nc6 6.Be2 Be7 7.O-O O-O 8.d4 b6 9.Nc3 Bb7
10.cxd5 Nxd5 11.Nxd5 Qxd5 12.dxc5 Qxc5 13.Rc1 Qd6 14.Qc2 Nb4 15.Qb1 Rac8
16.Be5 Qd5 17.Rfd1 Rxc1 18.Qxc1 Qa5 19.Qc7 Bxf3 20.Bxf3 Bc5 21.a4 Nd3 22.Ba1 Ne1
23.Be4 Qb4 24.Qg3 f6 25.Bb1 Kh8 26.Qh3 f5 27.Qh6 Rg8 28.Qxe6 Nxg2 29.Qxf5 Qh4
30.Kxg2 Rf8 31.Bxg7+ Kxg7 32.Rd7+ Be7 33.Qe5+ Kh6 34.Rd2 Rg8+ 35.Kh1 Qh3
36.Qf4+ Rg5 37.Rd6+ Bxd6 38.Qxd6+ Kh5 39.Qd1+ Qg4 40.Qxg4+ Kxg4 41.Kg2 Kh4+
42.Kh1 h6 43.Be4 Re5 44.Bf3 Rf5 45.Kg2 Rg5+ 46.Kh1 Kh3 47.Be2 a5 48.Bf1+ Kg4
49.Kg2 Kh4+ 50.Kh1 h5 51.h3 Rc5 52.Kg2 Rg5+ 53.Kh2 Rc5 54.Kg2 Rg5+  1/2-1/2

[Event "ch-PriFO"]
[Site "Kazan RUS"]
[Date "2009.01.26"]
[Round "6"]
[White "Panchenko,AN"]
[Black "Akhmadeev,Vad"]
[Result "0-1"]
[WhiteElo "2279"]
[BlackElo "2424"]

1.c4 e6 2.Nf3 d5 3.g3 Nf6 4.Bg2 Be7 5.O-O O-O 6.d4 dxc4 7.Qc2 a6 8.a4 Bd7
9.Qxc4 Bc6 10.Bg5 a5 11.Bxf6 Bxf6 12.Nc3 Na6 13.e4 Nb4 14.Rfd1 Re8 15.Rac1 Rc8
16.Ne1 Be7 17.f4 b6 18.Nf3 Bb7 19.Qb3 c5 20.Nb5 Bxe4 21.Ne5 Bxg2 22.Kxg2 cxd4
23.Rxc8 Qxc8 24.Rxd4 Rd8 25.Qc3 Bc5 26.Rxd8+ Qxd8 27.Qf3 f6 28.Nc6 Qd2+ 29.Kh3 Nd3
30.Nc3 Nf2+ 31.Kg2 Qe1 32.g4 Qh1+ 33.Kg3 Qg1+ 34.Qg2 Nh1+ 35.Kh3 Qe3+ 36.Kh4 Qe1+
37.Kh3 Nf2+ 38.Kh4 Ne4+  0-1

[Event "ch-PriFO"]
[Site "Kazan RUS"]
[Date "2009.01.29"]
[Round "9"]
[White "Shabalin,E"]
[Black "Skomorokhin,R"]
[Result "0-1"]
[WhiteElo "2220"]
[BlackElo "2413"]

1.c4 e6 2.Nf3 d5 3.b3 Nf6 4.Bb2 c6 5.e3 Nbd7 6.Be2 Bd6 7.d4 Qe7 8.O-O dxc4
9.Bxc4 e5 10.dxe5 Nxe5 11.Nbd2 O-O 12.Nxe5 Bxe5 13.Bxe5 Qxe5 14.Nf3 Qc7 15.Qc2 Bg4
16.Be2 Rad8 17.Rfd1 h6 18.h3 Bc8 19.Rac1 Qa5 20.Qb2 Rfe8 21.b4 Qb6 22.a4 a6
23.a5 Qc7 24.Nd4 Be6 25.Bd3 Qe5 26.Rc5 Bd5 27.Qe2 Qe7 28.Rb1 g6 29.Rcc1 h5
30.Rb2 Qf8 31.Bc4 Bxg2 32.Kxg2 Rxd4 33.Qf3 Rd6 34.Kh2 Ne4 35.Rg1 Qg7 36.Qe2 Red8
37.Qf3 Qxb2 38.Qxe4 Qf6 39.Rg2 Kg7 40.f4 Rd2  0-1

[Event "7th Gibtelecom Masters"]
[Site "Caleta ENG"]
[Date "2009.01.30"]
[Round "4"]
[White "Carlhammar,M"]
[Black "Fox,An"]
[Result "1-0"]
[WhiteElo "2350"]
[BlackElo "2085"]

1.c4 e6 2.Nf3 d5 3.g3 Nf6 4.Bg2 Be7 5.O-O O-O 6.d4 Nbd7 7.Qc2 c6 8.Nbd2 b6
9.e4 Ba6 10.e5 Ne8 11.Re1 Rc8 12.b3 c5 13.Bb2 Nc7 14.Rad1 b5 15.b4 bxc4 16.dxc5 Rb8
17.a3 Bxc5 18.bxc5 Nxc5 19.Bf1 Qe7 20.Nd4 Qd7 21.Bc3 Rfc8 22.Rb1 Nb5 23.Nxb5 Bxb5
24.Bd4 Ba4 25.Qc3 Nb3 26.Nxb3 Bxb3 27.Rec1 Qa4 28.Ra1 Rb5 29.h4 Rcb8 30.h5 h6
31.g4 Qa6 32.Qe3 Ba4 33.g5 Rb3 34.Qf4 Qa5 35.gxh6 gxh6 36.Be2 Kh7 37.Qxf7+ Kh8
38.Qf6+  1-0

[Event "7th Gibtelecom Masters"]
[Site "Caleta ENG"]
[Date "2009.01.31"]
[Round "5"]
[White "Byron,A"]
[Black "Nezad,H"]
[Result "0-1"]
[WhiteElo "2162"]
[BlackElo "2403"]

1.c4 e6 2.Nf3 d5 3.g3 Nf6 4.Bg2 Be7 5.O-O O-O 6.d4 c6 7.Qc2 Nbd7 8.Bf4 Nh5
9.Bc1 Nhf6 10.Bf4 b6 11.Rd1 Ba6 12.Nbd2 Nh5 13.Qa4 Bxc4 14.Nxc4 b5 15.Qa6 bxc4
16.Qxc6 Nxf4 17.gxf4 Rc8 18.Qa4 Rc7 19.Qc2 f5 20.Nd2 Bd6 21.e3 Nf6 22.Nf1 Qe8
23.Qe2 h6 24.f3 Qh5 25.Rac1 Rb8 26.Rc2 Rcb7 27.Qf2 Kh8 28.Rdd2 Qe8 29.Re2 Qa4
30.a3 Rb3 31.Qe1 Qb5 32.Qc1 Nd7 33.e4 Qb6 34.Kh1 Qxd4 35.Qe1 Rd3 36.exf5 Bc5
37.Rf2 exf5 38.Qe6 Nf6 39.Qxf5 Qxf2 40.Rxf2 Bxf2 41.Bh3 Rdb3 42.Qg6 Rxb2
43.Bf5 d4 44.Kg2 Rd8 45.h4 d3 46.Nh2 d2  0-1

[Event "7th Gibtelecom Masters"]
[Site "Caleta ENG"]
[Date "2009.02.04"]
[Round "9"]
[White "Sandipan,C"]
[Black "Nezad,H"]
[Result "0-1"]
[WhiteElo "2568"]
[BlackElo "2403"]

1.c4 e6 2.Nf3 d5 3.g3 Nf6 4.Bg2 Be7 5.O-O O-O 6.d4 c6 7.Qc2 Nbd7 8.Nbd2 b6
9.e4 Bb7 10.e5 Ne8 11.cxd5 cxd5 12.Re1 Rc8 13.Qa4 a5 14.Nf1 Ba6 15.Qd1 b5
16.h4 Nb6 17.Bf4 Nc4 18.Rb1 a4 19.N1h2 a3 20.b3 Nb2 21.Qe2 Nc7 22.Ng5 g6
23.Ng4 b4 24.Qf3 Nd3 25.Re3 Nxf4 26.Qxf4 h5 27.Nf6+ Kg7 28.Rf3 Be2 29.Re3 Ba6
30.g4 hxg4 31.h5 Ne8 32.Nxe8+ Qxe8 33.Qxg4 Bxg5 34.Qxg5 Qd8 35.Qg4 Rh8 36.hxg6 Qh4
37.Qxh4 Rxh4 38.gxf7 Kxf7 39.Bh3 Rc3 40.Kg2 Rxd4 41.Rxc3 bxc3 42.Rc1 Rd3
43.Bg4 d4 44.Rc2 Rd2 45.Rxd2 cxd2 46.Bd1 Bd3 47.Kf3 Kg6 48.Kf4 Bb1 49.Kf3 Bxa2
50.Bc2+ Kg5 51.Ke2 d3+  0-1